Connecting with people efficiency, sustainability and technology
Descripción Física:
14 pàgines : il·lustracions ; 21 x 15 cm.
Idioma:
English
MARC
| LEADER | 00000nam a22000007a 4500 | ||
|---|---|---|---|
| 001 | 25686, 27045 | ||
| 003 | AGDB | ||
| 008 | 220527b spa||||| |||| 00| 0 eng d | ||
| 017 | |a B 23944-2018 | ||
| 040 | |a agdb |b cat | ||
| 041 | |a eng | ||
| 080 | |a FU-69-78 | ||
| 245 | |a Connecting with people efficiency, sustainability and technology | ||
| 260 | |a Barcelona : |b Diputació de Barcelona ; |c 2018 | ||
| 300 | |a 14 pàgines : |b il·lustracions ; |c 21 x 15 cm. | ||
| 610 | 1 | 0 | |a Barcelona (Catalunya : Província). |b Diputació |9 52408 |
| 710 | 1 | |9 51838 |a Barcelona (Catalunya : Província). |b Gabinet de Premsa i Comunicació | |
| 942 | |2 udc |c ARXIU |n 1 | ||
| 952 | |0 0 |1 0 |4 0 |6 FU6978 |7 1 |9 62081 |a Arxiu |b Arxiu |d 2022-05-27 |l 0 |o FU-69-78 |p 25686 |r 2022-05-27 00:00:00 |w 2022-05-27 |y ARXIU | ||
| 952 | |0 0 |1 0 |2 udc |4 0 |6 FU7374 |7 1 |9 64409 |a Arxiu |b Arxiu |d 2022-11-28 |l 0 |o FU-73-74 |p 27045 |r 2022-11-28 00:00:00 |w 2022-11-28 |y ARXIU | ||
| 999 | |c 81792 |d 81792 | ||